00666nam a2200181 a 4500003000200000005001700002008004100019050003500060100001900095245005700114260009300171300004000264504004100304650004000345650003300385650004100418650002500459020250220124629.0111114s19uu xx 00 eng d aPGS GV 1469.3.P47b.L477 2011  aLee, Hyun Min. aPerceived effects of computer games /cHyun Min Lee. aLas Piñas City, Philippines : bSouthville International School and Colleges, c2011. a23 pages :billustrations ;c28 cm. aIncludes bibliographical references. aVideo gamesvPsychological aspects. aVideo gamesvSocial aspects. aComputer gamesvEducational aspects. aStudentsvAttitudes.